00329nam a22001097a 4500008004100000082001600041100001900057245005900076260005200135300000800187700002400195230704b xxu||||| |||| 00| 0 eng d a339.96bAYA cAloys B. Ayako aIpar Special Report SeriesbReview of poverty in kenya bInstitute of policy Analysis and Researchc1997 a40p cMusambayi katumanga